Statistiken für Größte Städte Thüringens - Extrem

Klicken Sie hier um das Quiz zu spielen!

Allgemein

  • Dieses Quiz wurde 33 mal gespielt
  • Das Durchschnittsergebnis liegt bei 14 aus 22

Antwortstatistiken

EinwohnerStadt% Korrekt
214.969Erfurt
100%
111.191Jena
100%
93.634Gera
95%
65.620Weimar
95%
42.408Eisenach
90%
46.019Gotha
85%
37.009Suhl
85%
41.339Nordhausen
80%
39.127Ilmenau
70%
29.224Saalfeld
65%
31.315Altenburg
60%
20.397Greiz
60%
36.226Mühlhausen
60%
24.745Meiningen
55%
23.507Sonneberg
55%
28.124Arnstadt
50%
24.749Rudolstadt
50%
23.072Apolda
45%
20.065Schmalkalden
45%
23.013Bad Salzungen
40%
20.119Leinefelde-Worbis⁠
30%
21.317Sondershausen
25%

Verteilung der Resultate

Perzentil nach korrekt beantworteten Fragen

Anzahl Personen mit jedem Resultat

Ihre Resultats-Entwicklung

Sie haben dieses Quiz noch nicht gespielt